000 00526cam a2200181 4500500
005 20260329001402.0
041 _afre
042 _adc
100 1 0 _aHunyadi, Mark
_eauthor
245 0 0 _aDans la peau d’un clone
260 _c2006.
500 _a29
690 _aClonage
690 _aIdentité
690 _aScience
786 0 _nPhilosophie magazine | 5 | 12 | 2006-12-01 | p. 11-11 | 1951-1787
856 4 1 _uhttps://shs.cairn.info/magazine-philosophie-magazine-2006-12-page-11?lang=fr&redirect-ssocas=7080
999 _c1804898
_d1804898